| 000 | 00568nam a22001457a 4500 | ||
|---|---|---|---|
| 020 | _a978-0-552-15977-7 | ||
| 082 |
_a823 _bBOL/B |
||
| 100 | _aBOLTON, S.J | ||
| 245 | _aBLOOD HARVEST | ||
| 260 |
_aGREAT BRITAIN _bCORFI BOOKS _c2011 |
||
| 300 | _a570 | ||
| 520 | _aThe setting is a village on the remote Pennine moors, where the villagers still slaughter all their own meat in a "blood harvest" ritual, "bone men" are burned on All Souls' Day and where a series of blonde little girls have gone missing in recent years. | ||
| 650 |
_aNOVEL _zGREAT BRITAIN |
||
| 942 | _cBK | ||
| 999 |
_c2815 _d2815 |
||